Classification, delineation, and measurement of nonparallel folds /

"The thesis of this paper is that the stratigraphic traces of most nonparallel folds, in sections selected to show the maximum or minimum curvature, may be represented approximately by one or more families of curves that are analytically related."

Bibliographic Details
Main Author: Mertie, John Beaver, 1888-1980
Format: Government Document Book
Language:English
Published: Washington : U.S. Govt. Print. Off, 1959.
Series:Shorter contributions to general geology.
Geological Survey professional paper ; 314-E.
Subjects:

MARC

Tag First Indicator Second Indicator Subfields
LEADER 00000cam a2200000 4500
001 in00002784427
005 20151202172120.0
008 700413s1959 dcua b 001 0 eng
010 |a  78605577  
035 |a (OCoLC)ocm00065702 
035 |a (OCoLC)65702 
040 |a DLC  |c DLC  |d IAS  |d OCLCG  |d ZEM  |d OCLCA  |d UtOrBLW 
049 |a TXAM 
050 0 0 |a QE75  |b .P9 no. 314-E 
082 0 |a 550/.8 s 
086 0 |a I 19.16:314-E 
100 1 |a Mertie, John Beaver,  |d 1888-1980. 
245 1 0 |a Classification, delineation, and measurement of nonparallel folds /  |c by John B. Mertie, Jr. 
264 1 |a Washington :  |b U.S. Govt. Print. Off,  |c 1959. 
300 |a iii, 91-124 pages :  |b illustrations ;  |c 29 cm. 
336 |a text  |b txt  |2 rdacontent 
337 |a unmediated  |b n  |2 rdamedia 
338 |a volume  |b nc  |2 rdacarrier 
490 1 |a Shorter contributions to general geology 
490 1 |a Geological Survey professional paper 314-E 
504 |a Bibliography: page 121. 
520 |a "The thesis of this paper is that the stratigraphic traces of most nonparallel folds, in sections selected to show the maximum or minimum curvature, may be represented approximately by one or more families of curves that are analytically related." 
650 0 |a Folds (Geology) 
830 0 |a Shorter contributions to general geology. 
830 0 |a Geological Survey professional paper ;  |v 314-E. 
948 |a cataloged  |b h  |c 2012/12/17  |d c  |e mvaldespin  |f 11:36:02 am 
994 |a C0  |b TXA 
999 |a MARS 
999 f f |s 9eedf58f-e6a1-308b-82d7-57fc9e0b6577  |i 21e6495c-42f9-3a9f-b3db-92c47af1d3ba  |t 0 
952 f f |p normal  |a Texas A&M University  |b College Station  |c Sterling C. Evans Library  |d Evans: US Documents (Annex 5th floor)  |t 0  |e I 19.16:312-314  |h Superintendent of Documents classification  |i unmediated -- volume  |m A14815239019 
952 f f |a Texas A&M University  |b College Station  |c Sterling C. Evans Library  |d Evans: US Documents (Annex 5th floor)  |t 0  |e I 19.16:312-314  |h Superintendent of Documents classification 
998 f f |a I 19.16:312-314  |t 0  |l Evans: US Documents (Annex 5th floor)